Most Spoken Languages of India on a Map - Statistics

General Stats
  • This quiz has been taken 150 times
  • The average score is 14 of 32
Answers on the Map
Answers color-coded by a green-red scale on the quiz's map according to % correct below.
 
Answer Stats
# Language % % Correct
641M Hindi 43.63
99%
118M Bengali 8.02
92%
83.6M Tamil 5.7
91%
67.2M Gujarati 4.58
87%
40.1M Punjabi 2.73
86%
101M Marathi 6.85
81%
98.3M Telugu 6.7
79%
61.5M Urdu 4.19
78%
53M Kannada 3.61
74%
18.5M Assamese 1.26
71%
42.1M Malayalam 2.87
70%
8.2M Kashmiri 0.56
62%
45.4M Odia 3.09
58%
3.47M Nepali 0.24
52%
3.32M Sindhi 0.23
52%
1.77M Konkani 0.12
44%
16.4M Maithili 1.12
44%
2.1M Manipuri 0.14
34%
3.12M Dogri 0.21
25%
1.79M Bodo 0.12
24%
8.92M Santali 0.61
22%
2.22M Tulu 0.15
16%
1.22M Tripuri 0.08
15%
1.39M Garo 0.09
11%
1.72M Ho 0.12
11%
1.73M Khasi 0.12
11%
12.6M Bhili 0.86
10%
3.6M Gondi 0.25
8%
1.35M Mundari 0.09
8%
2.37M Kurukh 0.16
7%
2.22M Khandeshi 0.15
4%
1.14M Kui 0.08
2%
No matching quizzes found
Score Distribution
Percent of People with Each Score
Percentile by Number Answered
Your Score History
You have not taken this quiz